The geology of Egypt

Uloženo v:
Podrobná bibliografie
Hlavní autor: Rushdi Said
Médium: Kniha
Jazyk:Undetermined
Vydáno: New York Elsevier 1962
Témata:
Tagy: Přidat tag
Žádné tagy, Buďte první, kdo otaguje tento záznam!
Thư viện lưu trữ: Trung tâm Học liệu Trường Đại học Cần Thơ
LEADER 00466nam a2200181Ia 4500
001 CTU_19844
008 210402s9999 xx 000 0 und d
082 |a 556.2 
082 |b S132 
100 |a Rushdi Said 
245 4 |a The geology of Egypt 
245 0 |c Rushdi Said 
260 |a New York 
260 |b Elsevier 
260 |c 1962 
650 |a geology 
904 |i Nguyễn Quang Điền, 960601 
980 |a Trung tâm Học liệu Trường Đại học Cần Thơ